LEADER 01369nam a2200337 a 4500 001 000000170529 003 CaOOAMICUS 005 20181116110416.0 008 181116s1987 it u000 u ita r 020 $a88-7610-204-3* 032 $aLibriCat 040 $aPUL$bita 082 04$a262.24 100 1 $aGriéger, Paul.$0(OLS)http://pul/name/5225 245 13$aLa comunità religiosa comunione di persone : $banimazione spirituale / $cPaul Griéger. 250 $aNuova ed. riv. e ampliata. 260 $aMilano :$bÀncora,$c1987. 300 $a207 p. ;$c21 cm. 490 1 $aComunità di persone ;$v02 504 $aBibliografia in nota. 650 4$aVita religiosa.$0(OLS)http://pul/subject/3323 650 4$aComunità religiose.$0(OLS)http://pul/subject/45743 830 0$aComunità di persone ;$v02.$0(OLS)http://pul/title/211290 850 $aPUL 852 $aPUL$W1$xDP2 Religione 3$y114$m262. 24 GRIPA 2$j193352$qDDC 21$B198860$CPULBib$Z2$F198860 $H131633 $81 941 1 $a9 996 $6020$a88-7610-204-3*$9(OLS)http://pul/number/165297 996 $6082$a262.24$9(OLS)http://pul/classification/714 996 $6245$aLa comunità religiosa comunione di persone : $banimazione spirituale / $9(OLS)http://pul/title/211313 996 $6260$aMilano :$bÀncora$9(OLS)http://pul/publisher/53070 LEADER 02270nam a2200409 a 4500 001 000000171651 003 CaOOAMICUS 005 20190322130224.0 008 190322s2019 it u001 u ita r 020 $a978-88-08-27242-3* 032 $aLibriCat 040 $aPUL$bita 082 04$a347.4505 100 1 $aAuletta, Ferruccio.$0(OLS)http://pul/name/33120 245 00$aDel regolamento di giurisdizione e di competenza : $bdella composizione del tribunale; Art. 41-50 quater /$cFerruccio Auletta; con i contributi di Alessandro Fabbri, Michela De Santis. 246 04$aRegolamento di giurisdizione e di competenza :$bcomposizione del tribunale 260 $aBologna :$bZanichelli,$c2019. 300 $aXVI, 351 p. ;$c24 cm. 490 1 $aCommentario del Codice di Procedura civile.$aLibro primo.$aDisposizioni generali ;$vart. 41-50 quater 500 $aLa collana è curata da Sergio Chiarloni. 504 $aContiene riferimenti bibliografici e indice. 650 4$aTribunali.$xComposizione$zItalia.$0(OLS)http://pul/subject/45883 650 4$aProcedura civile$zItalia.$0(OLS)http://pul/subject/14566 650 4$aDiritto processuale civile$zItalia.$0(OLS)http://pul/subject/38504 700 1 $aChiarloni, Sergio.$0(OLS)http://pul/name/12062 700 1 $aFabbri, Alessandro.$0(OLS)http://pul/name/110217 700 1 $aDe Santis, Michela.$0(OLS)http://pul/name/110218 830 0$aCommentario del Codice di Procedura civile.$nLibro primo.$pDisposizioni generali ;$vart. 41-50 quater ;.$0(OLS)http://pul/title/186748 850 $aPUL 852 $aPUL$W1$xSL Diritto e Scienze Sociali 3$y79$m347. 4505 CHISE 1.41$j195447$qDDC 21$B200308$CPULBib$Z2$F200308 $H132497 $82 941 1 $a9 996 $6020$a978-88-08-27242-3*$9(OLS)http://pul/number/165875 996 $6082$a347.4505$9(OLS)http://pul/classification/2032 996 $6245$aDel regolamento di giurisdizione e di competenza : $bdella composizione del tribunale; Art. 41-50 quater$9(OLS)http://pul/title/212463 996 $6246$aRegolamento di giurisdizione e di competenza :$bcomposizione del tribunale$9(OLS)http://pul/title/212464 996 $6260$aBologna :$bZanichelli$9(OLS)http://pul/publisher/48255